01167nas a2200253 i 4500003000800000005001700008008004100025040003200066041000800098245012400106264009800230300002300328310001600351336002700367337003700394338003000431362003800461500006700499504006100566650006900627650006700696650010100763710004900864DO-SdUA20260318144550.0260318e1997 dr f p|r || | spa d aDO-SdUAbspacDO-SdBNPerda0 aspa00aPerspectivas :brevista filosófico-teológico-pastoral /córgano del Seminario Pontificio Santo Tomás de Aquino. aSanto Domingo, República Dominicana :bSeminario Pontificio Santo Tomás de Aquino,c1997- avolumen ; c25 cm. aSemestral.  atextobtxt2rdacontent asin mediación bn 2rdacontent avolumen bnc 2rdacarrier aAño 3. No. 1, enero-junio 1997. aCatalogación basada en el: Año 3. No. 1, enero-junio 1997. aIncluye referencias bibliográficas a pie de páginas. 7aFilosofíavPublicaciones periódicas zRepública Dominicana 7aTeologíavPublicaciones periódicaszRepública Dominicana 0aSeminario Pontificio Santo Tomás de AquinovPublicaciones periódicaszRepública Dominicana2 aSeminario Pontificio Santo Tomás de Aquino